000 00502nam a2200181Ia 4500
008 240729s9999 xx 000 0 und d
022 _a2367-1890
245 0 _aSports Medicine International Open
260 _aGermany
260 _bGeorg Thieme Verlag
650 _a Internal medicine
650 _a Special situations and conditions
650 _a Sports medicine
650 _aMedicine
856 _uhttps://doaj.org/toc/1b04fd15d27541069109d95a892cc87d
942 _2ddc
942 _cDOAJEJ
999 _c70809
_d70809
945 _a1
_bMadushi Gamage
_c1
_dMadushi Gamage